La vie et la correspondance de Charles Darwin (Record no. 48354)

MARC details
000 -LEADER
campo de control de longitud fija 00852nam a2200217 i 4500
001 - NÚMERO DE CONTROL
campo de control 48354
003 - IDENTIFICADOR DE NÚMERO DE CONTROL
campo de control ES-MaACL
005 - FECHA Y HORA DE LA ÚLTIMA TRANSACCIÓN
campo de control 20250729081429.0
007 - CAMPO FIJO DE DESCRIPCIÓN FÍSICA--INFORMACIÓN GENERAL
campo de control de longitud fija t|
008 - DATOS DE LONGITUD FIJA--INFORMACIÓN GENERAL
campo de control de longitud fija 950717s1888 fr |||| |bfre d
245 03 - MENCIÓN DEL TÍTULO
Título La vie et la correspondance de Charles Darwin
Resto del título : avec un capitre autobiographique /
Mención de responsabilidad, etc. publiés par son fils M. Francis Darwin ; traduit de l'anglais par Henry C. de Varigny...
260 ## - PUBLICACIÓN, DISTRIBUCIÓN, ETC.
Lugar de publicación, distribución, etc. Paris :
Nombre del editor, distribuidor, etc. C. Reinwald,
Fecha de publicación, distribución, etc. 1888 (
Fabricante Typ. Firmin Didot)
300 ## - DESCRIPCIÓN FÍSICA
Extensión 2 v. ;
Dimensiones 23 cm.
600 14 - PUNTO DE ACCESO ADICIONAL DE MATERIA--NOMBRE DE PERSONA
Nombre de persona Darwin, Charles,
Fechas asociadas al nombre 1809-1882-
Subdivisión general Biografías
9 (RLIN) 42771
600 14 - PUNTO DE ACCESO ADICIONAL DE MATERIA--NOMBRE DE PERSONA
Nombre de persona Darwin, Charles,
Fechas asociadas al nombre 1809-1882-
Subdivisión general Correspondencia
9 (RLIN) 42772
700 1# - ENTRADA AGREGADA--NOMBRE PERSONAL
Nombre de persona Darwin, Francis.
9 (RLIN) 42773
700 1# - ENTRADA AGREGADA--NOMBRE PERSONAL
Nombre de persona Darwin, Charles,
Fechas asociadas al nombre 1809-1882
9 (RLIN) 42770
700 1# - ENTRADA AGREGADA--NOMBRE PERSONAL
Nombre de persona Varigny, Henry Crosnier de (
Fechas asociadas al nombre 1855-1934?)
9 (RLIN) 157468
852 ## - LOCALIZACIÓN
Ubicación ES-MaACL
Número de control de estantería B-1650-51
Holdings
Estatus retirado Estado de pérdida Estado de daño No para préstamo Colección Biblioteca de origen Biblioteca actual Ubicación en estantería Fecha de adquisición Fuente de adquisición Total de préstamos Signatura topográfica completa Código de barras Visto por última vez Precio de reemplazo Tipo de ítem Koha
        Libros del s. XIX Biblioteca del Ateneo de Madrid Biblioteca del Ateneo de Madrid Sala Pardo Bazán 17/01/2008     B-1650-51 1050888 23/02/2023 23/02/2023 Libro impreso antiguo